The last days
Traces the experiences of five Hungarian Holocaust survivors who fell victim to Hitler's brutal war against the Jews during the final days of World War II, and returned to their hometowns and ghettos and the concentration camps in which they were imprisoned. Introduction by Steven Speilberg.
Saved in:
| Corporate Authors: | , , |
|---|---|
| Other Authors: | , , |
| Format: | |
| Language: | English |
| Published: |
New York, NY :
Polygram Video,
c1999.
|
| Series: | Jewish heritage video collection.
|
| Subjects: | |
| Tags: |
Add Tag
No Tags, Be the first to tag this record!
|
| LEADER | 01933ngm a22004457a 4500 | ||
|---|---|---|---|
| 001 | 008243473-5 | ||
| 005 | 20080103151409.0 | ||
| 008 | 000106p19991998nyu087 vleng d | ||
| 024 | 1 | |a 044004499736 | |
| 028 | 4 | 2 | |a 440 044 997-3 |b Polygram Video |
| 035 | 0 | |a ocm43186761 | |
| 040 | |a OWL |c OWL |d HLS | ||
| 090 | |a D804.3 |b .L378 1999x | ||
| 245 | 0 | 4 | |a The last days |h [videorecording] / |c Steven Spielberg and the Shoah Foundation present a film by James Moll. |
| 260 | |a New York, NY : |b Polygram Video, |c c1999. | ||
| 300 | |a 1 videocassette (VHS) (87 min.) : |b col. | ||
| 546 | |a Closed-captioned for the hearing impaired. | ||
| 500 | |a Title and date from container. | ||
| 500 | |a "October Films". | ||
| 508 | |a Director of photography, Harris Done ; produced by June Beallor, Ken Lipper ; directed and edited by James Moll ; music by Hans Zimmer. | ||
| 586 | |a Academy Award for Best Documentary, 1998. | ||
| 521 | 8 | |a Rated PG-13. | |
| 520 | |a Traces the experiences of five Hungarian Holocaust survivors who fell victim to Hitler's brutal war against the Jews during the final days of World War II, and returned to their hometowns and ghettos and the concentration camps in which they were imprisoned. Introduction by Steven Speilberg. | ||
| 500 | |a "440 044 997-3"--Container. | ||
| 650 | 0 | |a Holocaust, Jewish (1939-1945) -- |v Personal narratives. | |
| 650 | 0 | |a Holocaust survivors. | |
| 650 | 0 | |a World War, 1939-1945. | |
| 650 | 0 | |a Documentary films. | |
| 655 | 7 | |a Videotapes. |2 local | |
| 650 | 0 | |a Video recordings for the hearing impaired. | |
| 650 | 0 | |a Holocaust, Jewish (1939-1945) |z Hungary. | |
| 700 | 1 | |a Moll, James. |4 drt | |
| 700 | 1 | |a Beallor, June. |4 pro | |
| 700 | 1 | |a Lipper, Ken. |4 pro | |
| 710 | 2 | |a Survivors of the Shoah Visual History Foundation. | |
| 710 | 2 | |a October Films. | |
| 710 | 2 | |a PolyGram Video (Firm) | |
| 830 | 0 | |a Jewish heritage video collection. | |
| 988 | |a 20020608 | ||
| 906 | |0 OCLC | ||


